Statistics for Kpop Groups by songs

Click here to take the quiz!

General Stats

  • This quiz has been taken 280 times
  • The average score is 20 of 30

Answer Stats

HintAnswer% Correct
Feel SpecialTwice
96%
Not TodayBTS
95%
WhistleBlackpink
92%
Bad BoyRed Velvet
92%
District 9Stray Kids
92%
I am the best2NE1
90%
LottoEXO
89%
GeeGirls' Generation
86%
Just RightGOT7
86%
CrownTXT
86%
ViewSHINee
84%
Hann (Alone)(G)I-DLE
82%
Say My NameATEEZ
80%
Starry NightMAMAMOO
80%
FearSeventeen
68%
MamacitaSuper Junior
66%
Black DressCLC
65%
BaamMomoland
63%
Crazy4Minute
59%
Let's not fall in loveBigBang
58%
ShinePentagon
58%
Chained UpVIXX
57%
BeautifulMonsta X
49%
Don't RecallKARD
48%
MovieBTOB
43%
Love WhisperGFriend
40%
Shall we danceBlock B
39%
BadInfinite
33%
CrushWeki Meki
20%
Super Fly24K
17%

Score Distribution

Percentile by Number Answered

Percent of People with Each Score

Your Score History

You have not taken this quiz